000 00442nam a2200133Ia 4500
008 100328s9999 xx 000 0 und d
082 _b60820
100 _aमेंगजी अशोक.
245 _aप्रेमवीर कासानोवा.
260 _bपार्टनर.
630 _aप्रेमवीर कासानोवा.
730 _aप्रेमवीर कासानोवा.
942 _cBOOK
999 _c546938
_d546935